[Event "AUTO-MASTER-53"]
[Site "http://www.queenalice.com/game.php?id=54253"]
[Date "2006.2.22"]
[Round "2"]
[White "mustang"]
[Black "kapilgain"]
[Result "1/2-1/2"]
[WhiteElo "2071"]
[BlackElo "2155"]

1. e4 c5 2. Nf3 Nc6 3. d4 cxd4 4. Nxd4 Nf6 5. Nc3 e5 6. Ndb5 d6 7. Bg5 a6 8. Na3
b5 9. Bxf6 gxf6 10. Nd5 f5 11. Bd3 Be6 12. O-O Bxd5 13. exd5 Ne7 14. c3 Bg7 15.
Qh5 e4 16. Bc2 O-O 17. Rae1 Rc8 18. Re3 Rc5 19. Rh3 h6 20. Rd1 Nxd5 21. Qxf5
Nxc3 22. Qxc5 Nxd1 23. Qd5 Nxb2 24. Bxe4 Qc8 25. Nc2 Re8 26. Ne3 Re5 27. Qb7
Qxb7 28. Bxb7 a5 29. Kf1 Nd3 30. Rf3 Kf8 31. g3 b4 32. Bd5 Re7 33. Bb3 Nc5 34.
Nf5 Nxb3 35. axb3 Rd7 36. Ke2 d5 37. g4 Rc7 38. Rd3 Rc2+ 1/2-1/2

[Event "AUTO-MASTER-53"]
[Site "http://www.queenalice.com/game.php?id=54254"]
[Date "2006.2.22"]
[Round "2"]
[White "kapilgain"]
[Black "mustang"]
[Result "1-0"]
[WhiteElo "2111"]
[BlackElo "2084"]

1. e4 c5 2. Nf3 d6 3. d4 cxd4 4. Nxd4 Nf6 5. Nc3 a6 6. Be3 e6 7. g4 h6 8. f4 b5
9. a3 Bb7 10. Bg2 Nbd7 11. Qf3 Nc5 12. O-O-O Nfxe4 13. Nxe4 Nxe4 14. Rhe1 Be7
15. f5 O-O 16. fxe6 Bg5 17. Qf5 Ng3 18. Bxg5 Nxf5 19. Bxd8 Bxg2 20. e7 Nxd4 21.
exf8=Q+ Kxf8 22. Be7+ Kg8 23. Rxd4 1-0

[Event "AUTO-MASTER-53"]
[Site "http://www.queenalice.com/game.php?id=54255"]
[Date "2006.2.22"]
[Round "2"]
[White "mustang"]
[Black "Nephi_R"]
[Result "1-0"]
[WhiteElo "2022"]
[BlackElo "1962"]

1. e4 c6 2. d4 d5 3. e5 e6 4. Nf3 Ne7 5. Bd3 Nd7 6. Ng5 Ng6 7. h4 h6 8. Nxe6
fxe6 9. Bxg6+ Ke7 10. Qh5 Qa5+ 11. Nc3 Kd8 12. O-O Be7 13. Bf7 Nf8 14. Qg4 g5
15. hxg5 hxg5 16. Bxg5 Qc7 17. Bh5 Nh7 18. Bh6 Qd7 19. Qg7 1-0

[Event "AUTO-MASTER-53"]
[Site "http://www.queenalice.com/game.php?id=54256"]
[Date "2006.2.22"]
[Round "2"]
[White "Nephi_R"]
[Black "mustang"]
[Result "0-1"]
[WhiteElo "1927"]
[BlackElo "2059"]

1. e4 c5 2. Nf3 d6 3. d4 cxd4 4. Nxd4 Nf6 5. Nc3 a6 6. Bg5 e6 7. f4 Qb6 8. a3
Nbd7 9. Nb3 Be7 10. Bd3 h6 11. Bh4 Qe3+ 12. Qe2 Qxf4 13. Bg3 Qg5 14. O-O Nh5 15.
Qf3 O-O 16. Bf2 Ne5 17. Qd1 Nf4 18. Bg3 Nfxd3 19. cxd3 Qe3+ 20. Kh1 Qxd3 21.
Bxe5 Qxd1 22. Raxd1 dxe5 23. Na4 b5 24. Nb6 Rb8 25. Nxc8 Rbxc8 26. Rd7 Bg5 27.
Ra7 Rc2 28. Rxa6 Rxb2 29. Nc5 Rd8 30. a4 Rdd2 0-1

[Event "AUTO-MASTER-72"]
[Site "http://www.queenalice.com/game.php?id=54674"]
[Date "2006.2.25"]
[Round "2"]
[White "mustang"]
[Black "razoman"]
[Result "1-0"]
[WhiteElo "2036"]
[BlackElo "1859"]

1. e4 c5 2. Nf3 a6 3. c3 Nc6 4. d4 cxd4 5. cxd4 d6 6. Nc3 Bg4 7. Bc4 e6 8. Be3
Nf6 9. O-O Be7 10. h3 Bh5 11. d5 exd5 12. exd5 Ne5 13. Be2 Nxf3+ 14. Bxf3 Bxf3
15. Qxf3 O-O 16. Rfe1 Re8 17. Bd4 b5 18. a3 Rc8 19. Rad1 Nd7 20. Qg3 Nf6 21. Ne4
g6 22. Nxf6+ Bxf6 23. Rxe8+ Qxe8 24. Bxf6 Rc2 25. Qxd6 h5 26. Qxa6 Kh7 27. Qb7
Re2 28. d6 1-0

[Event "AUTO-MASTER-72"]
[Site "http://www.queenalice.com/game.php?id=54675"]
[Date "2006.2.25"]
[Round "2"]
[White "razoman"]
[Black "mustang"]
[Result "0-1"]
[WhiteElo "1863"]
[BlackElo "2077"]

1. e4 c5 2. Nf3 d6 3. Bc4 Nf6 4. d3 e6 5. e5 dxe5 6. Nxe5 Bd6 7. Nf3 a6 8. a4
Nbd7 9. Nbd2 Qc7 10. Ne4 Be7 11. O-O O-O 12. Re1 b6 13. Nxf6+ Bxf6 14. c3 Bb7
15. Qe2 Rac8 16. Bg5 Bxf3 17. Qxf3 Bxg5 18. Qh5 Bf4 19. Bxa6 Nf6 20. Qh3 Ra8 21.
Bb5 Rfd8 22. g3 Bd6 23. Rad1 Be7 24. Qg2 Ne8 25. d4 cxd4 26. Rxd4 Bc5 27. Rd7
Rxd7 28. Qxa8 Rd8 29. Qf3 Nf6 30. b4 Be7 31. Bc6 Rc8 32. b5 Bc5 33. Kg2 Rd8 34.
Re2 h5 35. h3 Qd6 36. Ra2 Qd3 37. Qf4 Qxc3 38. Qg5 Qc4 39. Ra1 Qe2 40. Rf1 Rd3
41. a5 Nh7 42. Qf4 Bd6 43. axb6 Bxf4 44. gxf4 Rxh3 45. b7 Qg4# 0-1

[Event "AUTO-MASTER-72"]
[Site "http://www.queenalice.com/game.php?id=54676"]
[Date "2006.2.25"]
[Round "2"]
[White "mustang"]
[Black "Scander"]
[Result "1-0"]
[WhiteElo "2079"]
[BlackElo "1802"]

1. e4 c5 2. Nf3 d6 3. d4 cxd4 4. Nxd4 Nf6 5. Nc3 a6 6. Be3 Ng4 7. Bg5 Qa5 8. Qd2
h6 9. Bh4 g5 10. Bg3 Bg7 11. f3 Ne5 12. h4 gxh4 13. Bxh4 Bd7 14. Nb3 Qd8 15.
O-O-O b5 16. Nd5 Nbc6 17. Nd4 Qb8 18. f4 Ng6 19. Bf2 Nxd4 20. Bxd4 e5 21. Bb6
Bg4 22. Nc7+ Kf8 23. Qxd6+ Kg8 24. Nxa8 Qxa8 25. Qd8+ Qxd8 26. Rxd8+ Kh7 27.
Rxh8+ Bxh8 28. f5 Ne7 29. c4 bxc4 30. Bxc4 Nc6 31. Bxf7 Be2 32. Be3 Bg7 33. f6
Bxf6 34. Bxh6 Bg5+ 35. Bxg5+ Kg7 36. Bd5 Nd4 37. a4 Kg6 38. Bd8 Bg4 39. Rh8 Ne2+
40. Kd2 Nf4 41. Rg8+ Kh7 42. Rxg4 Nxd5 43. exd5 e4 44. Ke3 a5 45. Kxe4 Kh8 46.
Kf5 Kh7 47. Bf6 Kh6 48. Rh4# 1-0

[Event "AUTO-MASTER-72"]
[Site "http://www.queenalice.com/game.php?id=54677"]
[Date "2006.2.25"]
[Round "2"]
[White "Scander"]
[Black "mustang"]
[Result "0-1"]
[WhiteElo "1866"]
[BlackElo "2084"]

1. e4 c5 2. Nf3 d6 3. b4 Nf6 4. bxc5 dxc5 5. c3 Nc6 6. e5 Nd5 7. Bc4 e6 8. O-O
Nb6 9. Bb3 c4 10. Bc2 Qc7 11. Qe2 Bd7 12. d4 cxd3 13. Bxd3 Nd5 14. a3 Bc5 15.
Bb2 Nf4 16. Qd2 Nxd3 17. Qxd3 Nxe5 18. Qe4 Nxf3+ 19. Qxf3 Bc6 20. Qg4 Bd6 21.
Nd2 Bxh2+ 22. Kh1 Be5 23. f4 h5 24. Qh4 Bf6 25. Qe1 h4 26. Kh2 O-O-O 27. Ne4 h3
28. g3 Bxe4 29. Qxe4 Rd2+ 30. Kh1 Rxb2 31. f5 Qxg3 32. Rf2 Qxf2 33. Qe2 Rxe2 34.
fxe6 Qg2# 0-1

[Event "AUTO-MASTER-41"]
[Site "http://www.queenalice.com/game.php?id=58648"]
[Date "2006.3.21"]
[Round "2"]
[White "Nephi_R"]
[Black "mustang"]
[Result "0-1"]
[WhiteElo "1939"]
[BlackElo "2047"]

1. d4 Nf6 2. c4 g6 3. Nc3 Bg7 4. g3 d5 5. cxd5 Nxd5 6. Bg2 Nb6 7. Nf3 Nc6 8. e3
O-O 9. O-O Re8 10. e4 Nxd4 11. Nxd4 Bxd4 12. Bh6 c6 13. Qe2 e5 14. Rad1 Qf6 15.
h4 Be6 16. Kh2 Bc4 0-1

[Event "AUTO-MASTER-41"]
[Site "http://www.queenalice.com/game.php?id=58649"]
[Date "2006.3.21"]
[Round "2"]
[White "mustang"]
[Black "Nephi_R"]
[Result "1-0"]
[WhiteElo "2063"]
[BlackElo "1845"]

1. e4 e6 2. d4 d5 3. Nc3 Bb4 4. e5 c5 5. a3 Bxc3+ 6. bxc3 Ne7 7. Qg4 Nf5 8. Bd3
h5 9. Qf4 cxd4 10. cxd4 Nc6 11. Nf3 Bd7 12. O-O Nce7 13. a4 Ng6 14. Qd2 Ngh4 15.
Nxh4 Qxh4 16. Qb4 Qxd4 17. Qxb7 Rd8 18. Bg5 f6 19. exf6 gxf6 20. Bxf5 fxg5 21.
Rae1 O-O 22. Bxe6+ Bxe6 23. Rxe6 Qg7 24. Qa6 Kh7 25. Rfe1 Rf7 26. Qd3+ Kg8 27.
Rg6 1-0

[Event "AUTO-MASTER-41"]
[Site "http://www.queenalice.com/game.php?id=58650"]
[Date "2006.3.21"]
[Round "2"]
[White "jolin_sim"]
[Black "mustang"]
[Result "0-1"]
[WhiteElo "1692"]
[BlackElo "2069"]

1. d4 Nf6 2. Nf3 g6 3. Bg5 Bg7 4. e3 O-O 5. Bd3 d6 6. c3 Nbd7 7. Nbd2 e5 8. dxe5
dxe5 9. O-O Qe8 10. Qc2 Nc5 11. Bc4 Bf5 12. Qd1 b5 13. Be2 h6 14. Bxf6 Bxf6 15.
b4 Na4 16. e4 Nxc3 17. Qe1 Be6 18. a3 c5 19. Rc1 Nxe2+ 20. Qxe2 c4 21. Ne1 a5
22. Nc2 axb4 23. axb4 Ra2 24. Ne3 Be7 25. Nc2 c3 26. Nf3 Bc4 27. Qe3 Bxf1 28.
Kxf1 Qc6 29. Nxe5 Qd6 30. Nd3 Rd8 31. Nc5 Rxc2 0-1

[Event "AUTO-MASTER-41"]
[Site "http://www.queenalice.com/game.php?id=58651"]
[Date "2006.3.21"]
[Round "2"]
[White "mustang"]
[Black "jolin_sim"]
[Result "1-0"]
[WhiteElo "2077"]
[BlackElo "1692"]

1. e4 d6 2. d4 Nf6 3. Nc3 g6 4. f4 Bg7 5. Nf3 Nbd7 6. e5 dxe5 7. fxe5 Ng4 8. Ng5
Nh6 9. e6 Nb6 10. exf7+ Nxf7 11. Nxf7 Kxf7 12. Qf3+ Bf6 13. Be3 Rf8 14. O-O-O h5
15. h3 Kg7 16. Qf4 g5 17. Qe4 c6 18. Bd3 Qc7 19. Qg6+ 1-0

[Event "El codice Maya"]
[Site "http://www.queenalice.com/game.php?id=68006"]
[Date "2006.5.9"]
[Round "-"]
[White "Spike"]
[Black "mustang"]
[Result "0-1"]
[WhiteElo "2034"]
[BlackElo "2105"]

1. e4 c5 2. Nf3 d6 3. d4 cxd4 4. Nxd4 Nf6 5. Nc3 a6 6. Bc4 e6 7. Bb3 Nbd7 8. f4
Nc5 9. Qf3 Be7 10. Be3 O-O 11. f5 e5 12. Nde2 b5 13. Bd5 Rb8 14. b4 Ncd7 15. O-O
Nb6 16. Bxb6 Qxb6+ 17. Kh1 Bb7 18. Rad1 Rbc8 19. Bxb7 Qxb7 20. g4 Rc4 21. g5
Nxe4 22. f6 gxf6 23. gxf6 Bxf6 24. Nxe4 Qxe4 25. Qxe4 Rxe4 26. Rxf6 Rxe2 27.
Rg1+ Kh8 28. Rxd6 f5 29. Rg2 Re4 30. Kg1 Rxb4 31. Rxa6 f4 32. Kf2 e4 33. Re6 Rd4
34. Ke1 f3 0-1

[Event "AUTO-OPEN-120"]
[Site "http://www.queenalice.com/game.php?id=79287"]
[Date "2006.6.22"]
[Round "3"]
[White "egaray"]
[Black "mustang"]
[Result "0-1"]
[WhiteElo "2000"]
[BlackElo "2094"]

1. e4 c5 2. d4 cxd4 3. c3 dxc3 4. Nxc3 Nc6 5. Nf3 e6 6. Bc4 a6 7. O-O Nge7 8.
Bf4 Ng6 9. Bg3 Be7 10. e5 O-O 11. Rc1 b5 12. Bd3 Bb7 13. Qe2 Rc8 14. Rfd1 Nb4
15. Be4 Bxe4 16. Qxe4 Rc4 17. Qb1 Bg5 18. Nxg5 Qxg5 19. b3 Rc7 20. a3 Rfc8 21.
axb4 Rxc3 22. Rxc3 Rxc3 23. h3 Nxe5 24. Qe4 Nc6 25. Rxd7 h5 26. Rc7 Rc1+ 27. Kh2
Qf5 28. Rc8+ Kh7 29. Qxf5+ exf5 30. Bd6 Rc2 31. Rf8 Kg6 32. Rg8 f6 33. Ra8 Rxf2
34. Rxa6 Nd4 35. Bc5 Rd2 0-1

[Event "AUTO-OPEN-120"]
[Site "http://www.queenalice.com/game.php?id=79288"]
[Date "2006.6.22"]
[Round "3"]
[White "mustang"]
[Black "egaray"]
[Result "1-0"]
[WhiteElo "2074"]
[BlackElo "2182"]

1. e4 c5 2. Nf3 g6 3. c3 d5 4. exd5 Qxd5 5. d4 Nc6 6. Be2 cxd4 7. cxd4 Bg7 8.
Nc3 Qd8 9. d5 Ne5 10. O-O Nxf3+ 11. Bxf3 Nf6 12. Bf4 O-O 13. d6 exd6 14. Bxd6
Re8 15. Nb5 Re6 16. Bf4 Qxd1 17. Raxd1 Ne8 18. Rfe1 Rxe1+ 19. Rxe1 Be6 20. Rd1
Rc8 21. Bxb7 Rc4 22. Be3 Bf6 23. Nxa7 Rc2 24. b4 Rxa2 25. b5 Nd6 26. Bc6 Nc4 27.
b6 Rb2 28. Bb5 Nxe3 29. fxe3 Bg4 30. b7 Be5 31. b8=Q+ Bxb8 32. Rd8+ Kg7 33. Rxb8
Bf5 34. Nc6 Be4 35. Bf1 1-0